000 01032cab a2200301 4500
001 ABS50040
008 090401t1994 xxu||||| |||| 00| 0 eng d
035 _a(Sirsi) u73796
041 _aeng
100 _aWhite, P.
245 _aCorrecting for the over-valuation of specialist buildings
260 _c1994
350 _a0
490 _aEstates Gazette
_v(9403) 22 January 1994, 121-122(2)
520 _aExamines how two different methods of valuation, open market value and depreciated replacement cost, can arrive at very different answers and how this problem can be overcome. Reply to a previous article by G.Hicks (Abs49244).
650 _aASSET VALUATION
650 _aDEPRECIATED REPLACEMENT COST
650 _aDRC
650 _aOPEN MARKET VALUE
650 _aOVER-VALUATION
650 _aRICS APPRAISAL AND VALUATION MANUAL
650 _aSPECIALIST BUILDINGS
650 _aUNUSUAL PROPERTIES
650 _aVALUATION METHODS
690 _aRATING AND VALUATION
942 _n0
948 _c04/03/1997
999 _c46582
_d46582